Statistics for New Mexican County Capitals

Click here to take the quiz!

General Stats

  • This quiz has been taken 2 times
  • The average score is 10 of 33

Answer Stats

HintAnswer% Correct
BernalilloAlbuquerque
100%
OteroAlamogordo
50%
SandovalBernalillo
50%
EddyCarlsbad
50%
CurryClovis
50%
LunaDeming
50%
McKinleyGallup
50%
Doña AnaLas Cruces
50%
San MiguelLas Vegas
50%
Los AlamosLos Alamos
50%
ValenciaLos Lunas
50%
MoraMora
50%
ChavesRoswell
50%
Santa FeSanta Fe
50%
GrantSilver City
50%
SocorroSocorro
50%
TaosTaos
50%
SierraTruth or Consequences
50%
San JuanAztec
0%
LincolnCarrizozo
0%
UnionClayton
0%
TorranceEstancia
0%
De BacaFort Sumner
0%
CibolaGrants
0%
HidalgoLordsburg
0%
LeaLovington
0%
HardingMosquero
0%
RooseveltPortales
0%
ColfaxRaton
0%
CatronReserve
0%
GuadalupeSanta Rosa
0%
Rio ArribaTierra Amarilla
0%
QuayTucumcari
0%

Score Distribution

Percentile by Number Answered

Percent of People with Each Score

Your Score History

You have not taken this quiz